ГИН для питания нейтронного скважинного генератора; Электронные ускорители

Bibliografiske detaljer
Parent link:Электронные ускорители.— 1964.— С. 34-36
Andre forfattere: Воробьев Г. А. Григорий Абрамович, Руденко Н. С., Бакшт Р. Б., Головчанский А. И.
Sprog:russisk
Udgivet: 1964
Fag:
Format: MixedMaterials Book Chapter
KOHA link:https://koha.lib.tpu.ru/cgi-bin/koha/opac-detail.pl?biblionumber=175546

MARC

LEADER 00000naa2a2200000 4500
001 175546
005 20231031165119.0
035 |a (RuTPU)RU\TPU\book\190336 
035 |a RU\TPU\tpu\5410 
090 |a 175546 
100 |a 20100215d1964 k y0rusy50 ca 
101 0 |a rus 
102 |a RU 
200 1 |a ГИН для питания нейтронного скважинного генератора  |f Г. А. Воробьев [и др.] 
463 0 |0 (RuTPU)RU\TPU\book\101575  |t Электронные ускорители  |o труды IV межвузовской конференции по электронным ускорителям, 13-17 февраля 1961,Томск  |v С. 34-36  |d 1964  |p 559 с. 
610 1 |a электронные ускорители 
610 1 |a труды учёных ТПУ 
701 1 |a Воробьев  |b Г. А.  |c российский ученый, электрофизик  |c профессор кафедры техники высоких напряжений Томского политехнического института  |c профессор Томского университета систем управления и радиоэлектроники  |f 1925-  |g Григорий Абрамович  |2 stltpush  |3 (RuTPU)RU\TPU\pers\19775  |4 070 
701 1 |a Руденко  |b Н. С. 
701 1 |a Бакшт  |b Р. Б. 
701 1 |a Головчанский  |b А. И. 
801 0 |a RU  |b 63413507  |c 20011210  |g PSBO 
801 2 |a RU  |b 63413507  |c 20100311  |g PSBO 
942 |c BK